000 00493nam a22001937a 4500
003 LK-CoDNM
005 20250205160202.0
008 250205b |||||||| |||| 00| 0 eng d
040 _aLK-CoDNM
_dLK-CoDNM
_eLK-CoDNM
041 _aeng
080 _a75
_bD37
100 _aSmith,Stuart and Hosking,Eric
245 _aBirds Fighting
260 _aLondon
_bFaber and Faber Limited,24 Russell Square
300 _a128p. : ill ; 22 cm
650 _aAnimals
650 _aBirds
942 _cBK
999 _c237865
_d237865